000 00539nam a2200193 a 4500
001 14803
005 20180713203335.0
008 140415d 000 0 eng d
020 _a0256028303
041 _aeng
082 _a658.5
_bAQU
100 1 _aAQUILANO, NICHOLAS J.
245 1 0 _aFUNDAMENTALS OF OPERATIONS MANAGEMENT
250 _a1a ed.
260 _a[s.l.] :
_bRICHARD D. IRWIN,
_c[s.f.]
300 _a732
650 1 4 _aADMINISTRACION DE LA PRODUCCION
_xPRODUCCION
700 1 _aCHASE, RICHARD B.
_ecoaut.
999 _c14803
_d14803